Tous les pays qui ont été impliqués dans la Seconde Guerre Mondiale - Statistiques

Statistiques générales
  • Ce quiz a été pris 647 fois
    628 depuis la dernière actualisation
  • Le résultat moyen est 35 sur 57
Statistiques - réponses
Réponses % Correct
France
99%
Allemagne
96%
États-Unis
94%
Japon
94%
Italie
93%
URSS
91%
Chine
90%
Royaume-Uni
90%
Belgique
86%
Pologne
85%
Canada
84%
Finlande
81%
Pays-Bas
80%
Norvège
79%
Australie
78%
Danemark
74%
Grèce
74%
Roumanie
74%
Brésil
73%
Hongrie
72%
Mexique
70%
Argentine
68%
Yougoslavie
68%
Turquie
67%
Luxembourg
66%
Bulgarie
65%
Nouvelle-Zélande
65%
Albanie
57%
Chili
56%
Colombie
55%
Cuba
54%
Estonie
54%
Iran
53%
Lettonie
53%
Lituanie
53%
Pérou
53%
Uruguay
51%
Venezuela
50%
Paraguay
48%
Équateur
47%
Panama
47%
Irak
46%
Bolivie
45%
Mongolie
45%
Slovaquie
45%
Costa Rica
44%
Guatemala
41%
Honduras
41%
Thaïlande
41%
Nicaragua
40%
Arabie Saoudite
39%
Monaco
39%
Salvador
39%
Haïti
33%
Saint-Marin
33%
République Dominicaine
30%
Liberia
16%
Aucun quiz correspondant
Distribution des résultats
% des personnes avec chaque résultat
Percentile par nombre de réponses
Votre historique - résultats
Vous n’avez pas pris ce quiz depuis la dernière actualisation